<?xml version="1.0" encoding="UTF-8"?>
<record
    xmlns:xsi="http://www.w3.org/2001/XMLSchema-instance"
    xsi:schemaLocation="http://www.loc.gov/MARC21/slim http://www.loc.gov/standards/marcxml/schema/MARC21slim.xsd"
    xmlns="http://www.loc.gov/MARC21/slim">

  <leader>00202nam a2200085   4500</leader>
  <controlfield tag="001">1234084</controlfield>
  <controlfield tag="005">20250926113215.0</controlfield>
  <datafield tag="245" ind1=" " ind2=" ">
    <subfield code="a">SAH&#x130;B&#x130;N&#x130; ARAYAN MEKTUPLAR</subfield>
    <subfield code="c">AHMET G&#xDC;NBAY</subfield>
  </datafield>
  <datafield tag="260" ind1=" " ind2=" ">
    <subfield code="b">T&#x130;MA&#x15E; YAYINLARI</subfield>
  </datafield>
  <datafield tag="999" ind1=" " ind2=" ">
    <subfield code="c">1234084</subfield>
    <subfield code="d">1234084</subfield>
  </datafield>
  <datafield tag="952" ind1=" " ind2=" ">
    <subfield code="0">0</subfield>
    <subfield code="1">0</subfield>
    <subfield code="2">ddc</subfield>
    <subfield code="4">0</subfield>
    <subfield code="7">0</subfield>
    <subfield code="a">1065</subfield>
    <subfield code="b">1065</subfield>
    <subfield code="d">2025-09-26</subfield>
    <subfield code="l">0</subfield>
    <subfield code="o">F/A</subfield>
    <subfield code="p">106518421</subfield>
    <subfield code="r">2025-09-26 11:32:33</subfield>
    <subfield code="w">2025-09-26</subfield>
    <subfield code="y">BK</subfield>
  </datafield>
</record>
